| 000 | 02229cam a22002054a 4500 | ||
|---|---|---|---|
| 005 | 20250605164054.0 | ||
| 008 | 250528s ||||||||||||||||||||||||d | ||
| 035 | _a17390 | ||
| 020 | _a9602550260 | ||
| 040 |
_aGR-AtMCL _bgre _dGR-AtMCL _eAACR2 |
||
| 245 | 1 | _aΕισαγωγή στη Σύγχρονη Μικροοικονομική | |
| 260 |
_bΕκδοτικές Επιχειρήσεις "Το Οικονομικό", _c1993 |
||
| 300 | _a484 | ||
| 520 | _aΠρόλογος, Βασικές Έννοιες, Τι Είναι η Οικονομική Επιστήμη, Το Οικονομικό Σύστημα, Προβλήματα Οικονομικής Οργάνωσης και Στόχοι των Σύγχρονων Οικονομικών Συστημάτων, Οι Παραγωγικές Δυνατότητες της Κοινωνίας, Παραγωγικοί Συντελεστές και Εξειδίκευση και Καταμερισμός των Έργων και Ανταλλαγές, Χαρακτηριστικά και Λειτουργία του Σύγχρονου Οικονομικού Συστήματος της Αγοράς, Λήψη Οικονομικών Αποφάσεων και Διαδικασία Αριστοποίησης, Ζήτηση και Προσφορά, Θεωρία της Λειτουργίας των Αγορών Προϊόντων: Ζήτηση και Προσφορά, Νόμος της Ζήτησης και Θεωρία της Καταναλωτικής Χρησιμότητας, Η Θεωρία της Παραγωγής, Η Θεωρία του Κόστους Παραγωγής, Προσδιορισμός των Τιμών των Προϊόντων και των Συντελεστών Παραγωγής, Μορφές Αγοράς, Προσδιορισμός της Τιμής και του Επιπέδου Παραγωγής στο Καθαρό Μονοπώλιο, Παραγωγή Προϊόντων και Ζήτηση για Παραγωγικούς Συντελεστές, Βιβλιογραφία. | ||
| 700 | 1 |
_aΚώττη-Πετράκη Αθηνά _93546 |
|
| 700 | 1 |
_aΚώττης Γεώργιος Χριστ _93547 |
|
| 942 | _cBK | ||
| 999 |
_c2813 _d2813 |
||